[Event "Angers op 8th"]
[Site "Angers"]
[Date "2013.05.03"]
[Round "1"]
[White "Delorme, Alban"]
[Black "Huard, Herve"]
[Result "1-0"]
[WhiteElo "2284"]
[BlackElo "1760"]
[PlyCount "65"]
[EventDate "2013.05.03"]
[EventType "swiss"]
[EventRounds "6"]
[EventCountry "FRA"]
[SourceTitle "CBM 154 Extra"]
[Source "ChessBase"]
[SourceDate "2013.06.25"]
[SourceVersion "2"]
[SourceVersionDate "2013.06.25"]
[SourceQuality "1"]

1. e4 c5 2. Nf3 Nc6 3. d4 cxd4 4. Nxd4 g6 5. c4 Bg7 6. Be3 a6 7. Nc3 Rb8 8. Be2 Nf6 9. 0-0 0-0 10. Rc1 d6 11. f3 Bd7 12. Nd5 Ne8 13. Qd2 e6 14. Nc3 f5 15. Rfd1 Qf6 16. c5 f4 17. Bf2 Ne5 18. cxd6 g5 19. Nb3 h5 20. Bd4 Rf7 21. Nc5 Qg6 22. Kh1 g4 23. Nxd7 Nxd7 24. Bxg7 Nxg7 25. Na4 Ne5 26. Rc7 gxf3 27. Bxf3 b5 28. Rxf7 Qxf7 29. Nc5 Nc4 30. Qd4 Ne3 31. d7 Rd8 32. Nb7 e5 33. Nxd8 1-0

[Event "Ille et Vilaine-ch 1112"]
[Site "Ile et Vilaine"]
[Date "2012.03.03"]
[Round "6.5"]
[White "Rault, Patrice"]
[Black "Huard, Herve"]
[Result "1/2-1/2"]
[WhiteElo "1499"]
[BlackElo "1821"]
[PlyCount "86"]
[EventDate "2012.10.??"]
[EventType "swiss"]
[EventRounds "7"]
[EventCountry "FRA"]
[SourceTitle "EXT 2014"]
[Source "ChessBase"]
[SourceDate "2013.11.20"]
[SourceVersion "1"]
[SourceVersionDate "2013.11.20"]
[SourceQuality "1"]

1. e4 c5 2. Nc3 Nc6 3. f4 e5 4. Nf3 d6 5. Bb5 Bg4 6. h3 Bxf3 7. Qxf3 a6 8. Bxc6+ bxc6 9. fxe5 dxe5 10. 0-0 Qd4+ 11. Rf2 Nf6 12. d3 Rb8 13. Ne2 Qd7 14. b3 Qe6 15. Ng3 h6 16. Be3 Nh7 17. Raf1 Rb7 18. Nf5 Qg6 19. Nh4 Qe6 20. Qg3 Nf6 21. Rf5 Nd7 22. Rxf7 g5 23. Rxf8+ Rxf8 24. Nf5 Rg8 25. Qg4 Kd8 26. Qh5 Rg6 27. Nxh6 Kc7 28. Bxg5 Rb8 29. Nf7 Rbg8 30. h4 R8g7 31. Nh8 Nf6 32. Qf3 Rxg5 33. hxg5 Ne8 34. Qf5 Qg8 35. Qf8 Rxg5 36. Qxg8 Rxg8 37. Nf7 Nd6 38. Nxe5 Re8 39. Nf7 Nb5 40. a4 Nd4 41. Rf5 Nxf5 42. exf5 Rf8 43. Nh6 Rf6 1/2-1/2

[Event "FRA-chT4 0506"]
[Site "Bretagne"]
[Date "2006.02.05"]
[Round "5"]
[White "Huard, Herve"]
[Black "Collin, Michel"]
[Result "0-1"]
[WhiteElo "1750"]
[BlackElo "1660"]
[PlyCount "125"]
[EventDate "2005.10.16"]
[EventType "team"]
[EventRounds "7"]
[EventCountry "FRA"]
[SourceTitle "EXT 2007"]
[Source "ChessBase"]
[SourceDate "2006.11.23"]
[SourceVersion "1"]
[SourceVersionDate "2006.11.23"]
[SourceQuality "1"]

1. e4 e6 2. d4 d6 3. c4 g6 4. Nc3 Bg7 5. Be3 Nf6 6. Qd2 Nc6 7. Nf3 b6 8. Rd1 Bb7 9. Bh6 Bxh6 10. Qxh6 Ng4 11. Qg5 h5 12. e5 Qe7 13. h3 Nh6 14. exd6 cxd6 15. Be2 e5 16. dxe5 dxe5 17. Qc1 Nd4 18. Nd5 Nxe2 19. Qxh6 Rxh6 20. Nxe7 Bxf3 21. gxf3 Nd4 22. Nd5 0-0-0 23. Rd3 g5 24. Kd2 b5 25. Rc1 Kb7 26. b3 Ra6 27. Ra1 Ra3 28. Ne3 Nxf3+ 29. Kc3 Rxd3+ 30. Kxd3 Nd4 31. Nc2 Nxc2 32. Kxc2 bxc4 33. Kb2 Ra6 34. bxc4 Rf6 35. Rf1 Rf3 36. h4 g4 37. Kc2 g3 38. Kd2 Rxf2+ 39. Rxf2 gxf2 40. Ke2 f1Q+ 41. Kxf1 Kc6 42. Ke2 Kc5 43. Ke3 f5 44. Kd3 a6 45. a3 e4+ 46. Kc3 f4 47. a4 a5 48. Kd2 Kxc4 49. Ke2 Kd4 50. Kd2 Ke5 51. Ke2 Kf5 52. Kd2 Kg4 53. Kc3 Kg3 54. Kc4 f3 55. Kb5 f2 56. Kxa5 f1Q 57. Kb6 e3 58. a5 Qb1+ 59. Ka7 e2 60. a6 e1Q 61. Ka8 Qbe4+ 62. Kb8 Qh7 63. a7 0-1

[Event "FRA-chT3 0405"]
[Site "France"]
[Date "2005.04.02"]
[Round "8"]
[White "Huard, Herve"]
[Black "Letonnelier, Jean Pierre"]
[Result "1/2-1/2"]
[WhiteElo "1820"]
[BlackElo "1970"]
[PlyCount "142"]
[EventDate "2004.10.10"]
[EventType "team"]
[EventRounds "9"]
[EventCountry "FRA"]
[SourceTitle "EXT 2007"]
[Source "ChessBase"]
[SourceDate "2006.11.23"]
[SourceVersion "1"]
[SourceVersionDate "2006.11.23"]
[SourceQuality "1"]

1. e4 e6 2. d4 d5 3. e5 c5 4. c3 Nc6 5. Nf3 Qb6 6. Be2 f6 7. 0-0 fxe5 8. dxe5 Nge7 9. c4 d4 10. Re1 Nf5 11. Nbd2 Be7 12. a3 0-0 13. Bd3 Bd7 14. Qc2 g6 15. Ne4 Nd8 16. Bg5 Bxg5 17. Nfxg5 h6 18. Nf3 Kg7 19. Nf6 Bc6 20. Be4 Bxe4 21. Rxe4 Qc6 22. Nh4 Nf7 23. Nxg6 Kxg6 24. Rg4+ Ng5 25. h4 d3 26. Qd2 Kf7 27. hxg5 h5 28. g6+ Ke7 29. Nxh5 Rad8 30. Qg5+ Kd7 31. g7 Rg8 32. Nf6+ Kc7 33. Nxg8 Rxg8 34. Qh5 Qd7 35. Qh7 d2 36. Rd1 Rxg7 37. Rxg7 Nxg7 38. Qc2 Qd4 39. Rxd2 Qxe5 40. Qg6 Nf5 41. Qf7+ Kb6 42. Qd7 Qe1+ 43. Kh2 Nd4 44. Qd6+ Nc6 45. Rd3 Qxf2 46. Qxe6 Qh4+ 47. Qh3 Qf4+ 48. Qg3 Qh6+ 49. Qh3 Qf4+ 50. g3 Qxc4 51. g4 Qc2+ 52. Kg1 Nd4 53. Qe3 Qb1+ 54. Kf2 Qxb2+ 55. Qd2 Qb5 56. Rxd4 cxd4 57. Qb4 Qxb4 58. axb4 Kc7 59. Ke2 Kd6 60. Kd3 Ke5 61. g5 Kf5 62. Kxd4 Kxg5 63. Ke5 b6 64. b5 Kg6 65. Kd6 Kf6 66. Kc7 Ke7 67. Kb7 Kd7 68. Kxa7 Kc8 69. Kxb6 Kb8 70. Kc5 Kc7 71. Kd5 Kb6 1/2-1/2

[Event "FRA-chT3 0405"]
[Site "France"]
[Date "2004.11.07"]
[Round "3"]
[White "Huard, Herve"]
[Black "Desurmont, Sylvain"]
[Result "0-1"]
[WhiteElo "1890"]
[BlackElo "1960"]
[PlyCount "98"]
[EventDate "2004.10.10"]
[EventType "team"]
[EventRounds "9"]
[EventCountry "FRA"]
[SourceTitle "EXT 2007"]
[Source "ChessBase"]
[SourceDate "2006.11.23"]
[SourceVersion "1"]
[SourceVersionDate "2006.11.23"]
[SourceQuality "1"]

1. e4 Nf6 2. e5 Nd5 3. d4 d6 4. c4 Nb6 5. Nf3 g6 6. Bf4 Bg7 7. exd6 cxd6 8. Na3 Nc6 9. Nc2 Bg4 10. Be3 0-0 11. h3 Bd7 12. Qd2 Re8 13. Be2 d5 14. b3 Bf5 15. Rc1 Be4 16. c5 Nd7 17. b4 a6 18. 0-0 Nf6 19. Nce1 Bxf3 20. gxf3 e5 21. Nc2 Qd7 22. Kg2 Rad8 23. b5 axb5 24. Bxb5 Nh5 25. dxe5 Bxe5 26. f4 Bc7 27. Nd4 Re4 28. f3 Nxf4+ 29. Bxf4 Bxf4 30. Nxc6 bxc6 31. Qb2 Bxc1 32. Rxc1 Re6 33. Bf1 Qe7 34. a4 Qg5+ 35. Kh1 Qg3 36. Qg2 Qxg2+ 37. Bxg2 Ra8 38. Ra1 Ra5 39. Bf1 Rxc5 40. a5 Re7 41. h4 Rc2 42. Kg1 Ra7 43. Bh3 Rc5 44. a6 Rb5 45. Kf2 Kf8 46. Bf1 Rb6 47. Ke3 Ke7 48. Kd4 Kd6 49. Ra5 c5+ 0-1

[Event "FRA-chT4 0304"]
[Site "Bretagne"]
[Date "2004.02.01"]
[Round "5"]
[White "Lages, Michel"]
[Black "Huard, Herve"]
[Result "1/2-1/2"]
[WhiteElo "1990"]
[BlackElo "1760"]
[PlyCount "108"]
[EventDate "2003.10.12"]
[EventType "team"]
[EventRounds "9"]
[EventCountry "FRA"]
[SourceTitle "EXT 2005"]
[Source "ChessBase"]
[SourceDate "2004.11.15"]
[SourceVersion "1"]
[SourceVersionDate "2004.11.15"]
[SourceQuality "1"]

1. c4 Nf6 2. Nc3 g6 3. g3 Bg7 4. Bg2 0-0 5. e4 d6 6. Nge2 e5 7. 0-0 Nc6 8. Rb1 a5 9. d3 Nd7 10. Be3 Nc5 11. a3 Nd4 12. b4 Nce6 13. f4 axb4 14. axb4 Bh6 15. Qd2 Nxe2+ 16. Nxe2 Bg7 17. f5 Nd4 18. g4 Nxe2+ 19. Qxe2 f6 20. Ra1 Bd7 21. Qb2 b6 22. Rxa8 Qxa8 23. Ra1 Qb7 24. Qa3 g5 25. Qa7 Rb8 26. Qxb7 Rxb7 27. Ra8+ Kf7 28. Bf3 c5 29. b5 Bf8 30. Bf2 h6 31. d4 Ke7 32. dxc5 dxc5 33. h4 Be8 34. Ra6 Kd7 35. Be3 Be7 36. Ra2 Kc7 37. hxg5 hxg5 38. Rh2 Kd8 39. Rh6 Rb8 40. Rh7 Rb7 41. Bxg5 fxg5 42. f6 Rd7 43. fxe7+ Rxe7 44. Rh6 Kc7 45. Rh8 Re6 46. Rg8 Bg6 47. Rg7+ Kc8 48. Kf2 Kd8 49. Ke3 Ke8 50. Bd1 Kf8 51. Rc7 Be8 52. Rh7 Kg8 53. Rh2 Kg7 54. Rd2 Kg8 1/2-1/2

[Event "FRA-chT4 0304"]
[Site "Bretagne"]
[Date "2003.11.16"]
[Round "2"]
[White "Huard, Herve"]
[Black "Landais, Romain"]
[Result "0-1"]
[WhiteElo "1780"]
[BlackElo "1810"]
[PlyCount "42"]
[EventDate "2003.10.12"]
[EventType "team"]
[EventRounds "9"]
[EventCountry "FRA"]
[SourceTitle "EXT 2005"]
[Source "ChessBase"]
[SourceDate "2004.11.15"]
[SourceVersion "1"]
[SourceVersionDate "2004.11.15"]
[SourceQuality "1"]

1. e4 e5 2. Nf3 Nc6 3. Bb5 a6 4. Ba4 b5 5. Bb3 Nf6 6. 0-0 Be7 7. Re1 0-0 8. c3 d5 9. exd5 Nxd5 10. Nxe5 Nxe5 11. Rxe5 c6 12. d3 Bd6 13. Re1 Qh4 14. g3 Qh3 15. Qf3 Bg4 16. Qg2 Qh5 17. h4 Bf3 18. Qf1 Rae8 19. d4 Qg4 20. Kh2 Rxe1 21. Qxe1 Qxh4+ 0-1